000 00297nam a22001337a 4500
082 _a894.812.3
_bSUD/N
100 _aSUDHIN,S
245 _aNJANONNU VITHUMBIYENKIL
250 _aFIRST
260 _bMOTHER'S EDUCATIONAL RESEARCH INSTITUTE
300 _a42
650 _aSTORY
_zKERALA
942 _cBK
999 _c1765
_d1765